[Event "Capablanca Memorial op 53rd"]
[Site "Havana"]
[Date "2018.05.11"]
[Round "3"]
[White "Galaviz Medina, Sion Radamantys"]
[Black "Hernandez Carmenates, Holman"]
[Result "0-1"]
[WhiteElo "2250"]
[BlackElo "2132"]
[PlyCount "156"]
[EventDate "2018.05.09"]
[EventType "swiss"]
[EventRounds "10"]
[EventCountry "CUB"]
[SourceTitle "EXT 2019"]
[Source "ChessBase"]
[SourceDate "2018.10.10"]
[SourceVersion "1"]
[SourceVersionDate "2018.10.10"]
[SourceQuality "1"]

1. d4 d6 2. Nf3 g6 3. e4 Bg7 4. Bc4 c6 5. Bb3 Nf6 6. Nbd2 0-0 7. 0-0 Qc7 8. Qe2 e5 9. dxe5 dxe5 10. Nc4 Nbd7 11. Rd1 Nc5 12. Nd6 Nxb3 13. axb3 Rd8 14. Nxc8 Rxd1+ 15. Qxd1 Rxc8 16. Qe2 a6 17. Bd2 Nd7 18. Ba5 b6 19. Bd2 a5 20. Be3 Bf8 21. Rd1 Nc5 22. Bxc5 Bxc5 23. g3 Re8 24. Qd3 Re6 25. Qd8+ Qxd8 26. Rxd8+ Kg7 27. Rc8 Rf6 28. Kg2 g5 29. g4 Rf4 30. Nxe5 Rxf2+ 31. Kh1 Bd6 32. Nc4 Bf4 33. Rxc6 Rxh2+ 34. Kg1 Rxc2 35. Kf1 b5 36. Nxa5 Rxb2 37. Rb6 Rb1+ 38. Kf2 Rb2+ 39. Kf1 Be3 40. Rxb5 Rf2+ 41. Ke1 Rg2 42. Nc4 Bf4 43. Rf5 Rxg4 44. e5 Rg3 45. Kf2 Rxb3 46. Nd6 Re3 47. Nxf7 h6 48. Kg2 Ra3 49. e6 Rc3 50. Nd8 Kg6 51. Rf7 Bd6 52. Rd7 Bc5 53. Rd5 Be7 54. Kf2 Rc4 55. Kf3 Rc1 56. Kf2 Ra1 57. Nc6 Kf6 58. Nd4 Ra7 59. Kf3 h5 60. Rf5+ Kg6 61. Rf7 Ra3+ 62. Ke4 Bf6 63. Nc6 Ra1 64. Ne5+ Bxe5 65. Kxe5 g4 66. Rf6+ Kg5 67. Rf5+ Kh4 68. Kf6 Ra6 69. Re5 g3 70. Kg6 Kg4 71. Rg5+ Kf3 72. Rf5+ Ke4 73. Kf6 h4 74. Re5+ Kf4 75. Rf5+ Kg4 76. Rg5+ Kh3 77. Kf5 Ra5+ 78. Kf6 Rxg5 0-1

[Event "Havana Cobo Memorial tt"]
[Site "Havana"]
[Date "2018.02.01"]
[Round "9"]
[White "Hernandez Carmenates, Holman"]
[Black "Llorente Bello, Eduardo"]
[Result "0-1"]
[WhiteElo "2150"]
[BlackElo "2153"]
[PlyCount "76"]
[EventDate "2018.01.25"]
[EventType "team-tourn"]
[EventRounds "10"]
[EventCountry "CUB"]
[SourceTitle "EXT 2021"]
[Source "ChessBase"]
[SourceDate "2020.10.23"]
[SourceVersion "1"]
[SourceVersionDate "2020.10.23"]
[SourceQuality "1"]

1. d4 e6 2. c4 f5 3. g3 Nf6 4. Bg2 Be7 5. Nh3 0-0 6. Nf4 a5 7. 0-0 Na6 8. Nd2 d6 9. e4 e5 10. dxe5 dxe5 11. Nd5 Nxd5 12. cxd5 Nc5 13. Qc2 Bd6 14. exf5 Bxf5 15. Ne4 Qe8 16. Be3 b6 17. Qc4 Nxe4 18. Bxe4 Qg6 19. f3 h5 20. Rac1 Rf7 21. Bxf5 Qxf5 22. Qe4 Raf8 23. Qxf5 Rxf5 24. Kg2 R5f7 25. Rc4 Rd8 26. Re4 g6 27. Bg5 Rdd7 28. Rd1 Rf5 29. h4 Bc5 30. a3 c6 31. b4 axb4 32. axb4 Rxd5 33. Rc1 Bd4 34. Rxc6 Kg7 35. g4 Rf7 36. gxh5 gxh5 37. f4 exf4 38. Rxf4 Rxg5+ 0-1

[Event "Capablanca Memorial op-B 48th"]
[Site "Havana"]
[Date "2013.04.25"]
[Round "5"]
[White "Mendoza Criollo, Carlos David"]
[Black "Hernandez Carmenates, Holman"]
[Result "0-1"]
[WhiteElo "1674"]
[BlackElo "2114"]
[PlyCount "46"]
[EventDate "2013.04.21"]
[EventType "swiss"]
[EventRounds "9"]
[EventCountry "CUB"]
[SourceTitle "CBM 154 Extra"]
[Source "ChessBase"]
[SourceDate "2013.06.25"]
[SourceVersion "2"]
[SourceVersionDate "2013.06.25"]
[SourceQuality "1"]

1. e4 c5 2. Nf3 d6 3. d4 cxd4 4. Nxd4 Nf6 5. Nc3 Nc6 6. Bc4 Qb6 7. Nxc6 bxc6 8. 0-0 g6 9. Bb3 Bg7 10. Be3 Qc7 11. h3 0-0 12. f4 a5 13. Qf3 Bb7 14. a4 c5 15. Bc4 Kh8 16. Rab1 e6 17. g4 Nxe4 18. Nxe4 f5 19. Bd3 fxe4 20. Bxe4 d5 21. Qf2 dxe4 22. Bxc5 Rfd8 23. Bb6 Qxb6 0-1

[Event "Capablanca Memorial op-B 48th"]
[Site "Havana"]
[Date "2013.04.23"]
[Round "3"]
[White "Matute Loja, Maria Belen"]
[Black "Hernandez Carmenates, Holman"]
[Result "0-1"]
[WhiteElo "1929"]
[BlackElo "2114"]
[PlyCount "106"]
[EventDate "2013.04.21"]
[EventType "swiss"]
[EventRounds "9"]
[EventCountry "CUB"]
[SourceTitle "CBM 154 Extra"]
[Source "ChessBase"]
[SourceDate "2013.06.25"]
[SourceVersion "2"]
[SourceVersionDate "2013.06.25"]
[SourceQuality "1"]

1. e4 c5 2. Nf3 d6 3. d4 cxd4 4. Nxd4 Nf6 5. Nc3 Nc6 6. Bc4 Qb6 7. Nxc6 bxc6 8. 0-0 g6 9. Bb3 Bg7 10. Be3 Qc7 11. h3 0-0 12. Qe2 a5 13. a3 Ba6 14. Bc4 Bxc4 15. Qxc4 Qb7 16. e5 Nd5 17. Bd4 Nb6 18. Qe2 c5 19. Be3 Bxe5 20. Bh6 Rfe8 21. Ne4 Qc6 22. Qf3 Rac8 23. c3 f5 24. Ng5 Qxf3 25. Nxf3 Bf6 26. Bg5 Bg7 27. Rfd1 Na4 28. Rd2 Rb8 29. Re1 Kf7 30. Ree2 h6 31. Be3 Rb3 32. Rc2 Reb8 33. Bc1 R3b7 34. Ne1 c4 35. f4 Nc5 36. Re3 e5 37. fxe5 dxe5 38. Nf3 Nd3 39. Ree2 e4 40. Nd4 Bxd4+ 41. cxd4 Nxc1 42. Rxc1 Rc7 43. Rec2 Rbc8 44. Kf2 Ke6 45. Ke3 Kd5 46. Rc3 a4 47. g3 Rb8 48. R1c2 Rb6 49. h4 h5 50. Re2 Rd7 51. Rcc2 Rb3+ 52. Kf4 Rf3+ 53. Kg5 Rxg3+ 0-1

[Event "Havana Province-ch final"]
[Site "Havana"]
[Date "2010.10.26"]
[Round "9"]
[White "Leyva Lozada, Marcos Antonio"]
[Black "Hernandez Carmenates, Holman"]
[Result "1/2-1/2"]
[WhiteElo "2004"]
[BlackElo "2171"]
[PlyCount "71"]
[EventDate "2010.10.18"]
[EventType "tourn"]
[EventRounds "11"]
[EventCountry "CUB"]
[SourceTitle "EXT 2019"]
[Source "ChessBase"]
[SourceDate "2018.10.10"]
[SourceVersion "1"]
[SourceVersionDate "2018.10.10"]
[SourceQuality "1"]

1. c4 e5 2. Nc3 Nf6 3. g3 d5 4. cxd5 Nxd5 5. Bg2 Nb6 6. Nf3 Nc6 7. 0-0 Be7 8. d3 0-0 9. a3 a5 10. Be3 Be6 11. Bxb6 cxb6 12. e3 Rc8 13. d4 exd4 14. Nxd4 Nxd4 15. Qxd4 Bf6 16. Qxd8 Rfxd8 17. Rad1 Kf8 18. Bxb7 Rxd1 19. Rxd1 Rc7 20. Be4 Bxc3 21. bxc3 Rxc3 22. Rd3 Rxd3 23. Bxd3 h6 24. Kf1 Ke7 25. Ke2 Kd6 26. Kd2 Kc5 27. Kc3 b5 28. h4 b4+ 29. axb4+ axb4+ 30. Kb2 g5 31. hxg5 hxg5 32. f4 g4 33. Bc2 f6 34. Bd3 Bd5 35. Kc2 Bf3 36. Kb2 1/2-1/2

[Event "Havana Province-ch final"]
[Site "Havana"]
[Date "2010.10.23"]
[Round "6"]
[White "Hernandez Carmenates, Holman"]
[Black "Soto Hernandez, Henry"]
[Result "0-1"]
[WhiteElo "2171"]
[BlackElo "2308"]
[PlyCount "102"]
[EventDate "2010.10.18"]
[EventType "tourn"]
[EventRounds "11"]
[EventCountry "CUB"]
[SourceTitle "EXT 2019"]
[Source "ChessBase"]
[SourceDate "2018.10.10"]
[SourceVersion "1"]
[SourceVersionDate "2018.10.10"]
[SourceQuality "1"]

1. d4 Nf6 2. c4 g6 3. g3 Bg7 4. Bg2 0-0 5. Nf3 d6 6. 0-0 Nc6 7. Nc3 a6 8. e4 Bg4 9. h3 Bxf3 10. Bxf3 e5 11. d5 Nd4 12. Bg2 c5 13. f4 Nh5 14. Kh2 exf4 15. gxf4 b5 16. cxb5 axb5 17. Be3 Qh4 18. Qg4 Qxg4 19. hxg4 Nc2 20. gxh5 Nxe3 21. Rf3 Nc2 22. Rb1 Nd4 23. Rh3 b4 24. h6 Bh8 25. Nd1 Rxa2 26. Bf1 Re8 27. Bc4 Ra7 28. Nf2 Kf8 29. Kg2 f5 30. Re3 Rae7 31. Bd3 fxe4 32. Rxe4 Rxe4 33. Nxe4 c4 34. Nxd6 cxd3 35. Nxe8 Kxe8 36. Kf2 Nf5 37. Ke1 Bc3+ 38. Kf2 Bd4+ 39. Kf3 Ne3 40. Ke4 d2 41. Kxd4 d1Q+ 42. Rxd1 Nxd1 43. b3 Ke7 44. Ke5 Ne3 45. d6+ Kd7 46. Kf6 Nf5 47. Kf7 Nxh6+ 48. Kg7 Nf5+ 49. Kxh7 Nd4 50. Kxg6 Nxb3 51. Kf5 Nc5 0-1

[Event "Havana Province-ch final"]
[Site "Havana"]
[Date "2010.10.20"]
[Round "3"]
[White "Rivero Gonzalez, Carlos"]
[Black "Hernandez Carmenates, Holman"]
[Result "0-1"]
[WhiteElo "2021"]
[BlackElo "2171"]
[PlyCount "60"]
[EventDate "2010.10.18"]
[EventType "tourn"]
[EventRounds "11"]
[EventCountry "CUB"]
[SourceTitle "EXT 2019"]
[Source "ChessBase"]
[SourceDate "2018.10.10"]
[SourceVersion "1"]
[SourceVersionDate "2018.10.10"]
[SourceQuality "1"]

1. d4 d6 2. c4 e5 3. Nf3 e4 4. Ng5 f5 5. Nc3 Be7 6. Nh3 Nf6 7. f4 0-0 8. e3 c6 9. Be2 Na6 10. 0-0 Nc7 11. b4 d5 12. c5 b5 13. a4 a6 14. axb5 axb5 15. Rxa8 Nxa8 16. Bb2 Nc7 17. Qb3 h6 18. Nf2 g5 19. g3 gxf4 20. gxf4 Kh7 21. Kh1 Rg8 22. Rg1 Rxg1+ 23. Kxg1 Qg8+ 24. Kh1 Ng4 25. Ncd1 Bh4 26. Nh3 Nxh2 27. Ng5+ hxg5 28. Kxh2 Ne6 29. Bc1 gxf4 30. exf4 Nxd4 0-1

[Event "Havana Province-ch final"]
[Site "Havana"]
[Date "2010.10.19"]
[Round "2"]
[White "Hernandez Carmenates, Holman"]
[Black "Vargas Rodriguez, Wilver"]
[Result "1/2-1/2"]
[WhiteElo "2171"]
[BlackElo "2077"]
[PlyCount "117"]
[EventDate "2010.10.18"]
[EventType "tourn"]
[EventRounds "11"]
[EventCountry "CUB"]
[SourceTitle "EXT 2019"]
[Source "ChessBase"]
[SourceDate "2018.10.10"]
[SourceVersion "1"]
[SourceVersionDate "2018.10.10"]
[SourceQuality "1"]

1. d4 Nf6 2. c4 e6 3. Nc3 b6 4. a3 Bb7 5. Nf3 Be7 6. Bg5 0-0 7. e3 Ne4 8. Bxe7 Qxe7 9. Rc1 d6 10. Nxe4 Bxe4 11. Bd3 Bxd3 12. Qxd3 Nd7 13. 0-0 f5 14. e4 f4 15. b4 Rad8 16. c5 dxc5 17. bxc5 bxc5 18. dxc5 Ne5 19. Qc3 Nxf3+ 20. Qxf3 Rd4 21. Rfd1 Rxd1+ 22. Qxd1 f3 23. Rc3 Qg5 24. g3 Qg4 25. Re3 h6 26. h3 Qh5 27. Rc3 Kh7 28. Kh2 Qe5 29. Rc4 Qb2 30. Qc2 Rb8 31. Qxb2 Rxb2 32. Ra4 Rxf2+ 33. Kg1 Rc2 34. Rxa7 Rxc5 35. Kf2 Rc3 36. a4 Kg6 37. Ra8 Ra3 38. Rc8 Rxa4 39. Kxf3 Rc4 40. Kf4 Rc5 41. Rf8 h5 42. g4 h4 43. Rh8 e5+ 44. Kf3 Rc3+ 45. Kg2 Kg5 46. Rh5+ Kf4 47. Rxh4 Rc2+ 48. Kf1 Kxe4 49. Rh7 g6 50. g5 Kf5 51. h4 c5 52. Rf7+ Kg4 53. Rf6 Kxh4 54. Rxg6 c4 55. Re6 Kxg5 56. Rxe5+ Kf4 57. Re8 Rd2 58. Ke1 Rd4 59. Ke2 1/2-1/2

[Event "Havana UCI op 8th"]
[Site "Havana"]
[Date "2009.11.09"]
[Round "5"]
[White "Hernandez Carmenates, Holman"]
[Black "Montero Fernandez, Reynier"]
[Result "0-1"]
[WhiteElo "2169"]
[BlackElo "2261"]
[PlyCount "34"]
[EventDate "2009.11.04"]
[EventType "swiss"]
[EventRounds "9"]
[EventCountry "CUB"]
[SourceTitle "EXT 2011"]
[Source "ChessBase"]
[SourceDate "2010.11.26"]
[SourceVersion "1"]
[SourceVersionDate "2010.11.26"]
[SourceQuality "1"]

1. d4 d5 2. c4 c6 3. Nc3 Nf6 4. Nf3 e6 5. e3 Nbd7 6. Qc2 Bd6 7. b3 0-0 8. Be2 Qe7 9. 0-0 b6 10. e4 Nxe4 11. Nxe4 dxe4 12. Qxe4 Bb7 13. Bd3 f5 14. Qe2 c5 15. Bb2 Bxf3 16. Qxf3 cxd4 17. Bxd4 Qh4 0-1

[Event "Havana Province-ch final 1st Cat"]
[Site "San Nicolas de Bari"]
[Date "2009.10.13"]
[Round "11"]
[White "Vitier Vazquez, Cristian"]
[Black "Hernandez Carmenates, Holman"]
[Result "1/2-1/2"]
[WhiteElo "2094"]
[BlackElo "2169"]
[PlyCount "40"]
[EventDate "2009.10.05"]
[EventType "tourn"]
[EventRounds "11"]
[EventCountry "CUB"]
[SourceTitle "EXT 2019"]
[Source "ChessBase"]
[SourceDate "2018.10.10"]
[SourceVersion "1"]
[SourceVersionDate "2018.10.10"]
[SourceQuality "1"]

1. e4 c5 2. Nf3 d6 3. d4 cxd4 4. Nxd4 Nf6 5. Nc3 Nc6 6. Bc4 Qb6 7. Nxc6 bxc6 8. 0-0 e6 9. b3 Be7 10. Bd2 0-0 11. Qe2 d5 12. Bd3 dxe4 13. Nxe4 Nxe4 14. Bxe4 Bb7 15. Be3 Qc7 16. Rad1 c5 17. Bxb7 Qxb7 18. Qf3 Qxf3 19. gxf3 Rad8 20. Rxd8 Rxd8 1/2-1/2

[Event "Havana Province-ch final 1st Cat"]
[Site "San Nicolas de Bari"]
[Date "2009.10.07"]
[Round "3"]
[White "Ragolta Franco, Eduardo"]
[Black "Hernandez Carmenates, Holman"]
[Result "0-1"]
[WhiteElo "2263"]
[BlackElo "2169"]
[PlyCount "84"]
[EventDate "2009.10.05"]
[EventType "tourn"]
[EventRounds "11"]
[EventCountry "CUB"]
[SourceTitle "EXT 2019"]
[Source "ChessBase"]
[SourceDate "2018.10.10"]
[SourceVersion "1"]
[SourceVersionDate "2018.10.10"]
[SourceQuality "1"]

1. d4 d6 2. c4 e5 3. Nc3 exd4 4. Qxd4 Nf6 5. g3 Nc6 6. Qd2 Be6 7. Nd5 Ne5 8. b3 Ne4 9. Qd4 c6 10. Qxe4 cxd5 11. cxd5 Qa5+ 12. Bd2 Bxd5 13. Bxa5 Bxe4 14. f3 Bc6 15. Rd1 Be7 16. Nh3 g5 17. Nf2 h5 18. Nd3 Nxd3+ 19. Rxd3 h4 20. g4 Rc8 21. e4 Bd7 22. Kd2 Be6 23. Bc3 0-0 24. Bd4 d5 25. e5 Bb4+ 26. Kd1 Rc6 27. Rg1 Rfc8 28. Be3 Bc5 29. Ke2 Bxe3 30. Kxe3 Rc2 31. Rg2 Rxg2 32. Bxg2 Kg7 33. Kd2 f6 34. exf6+ Kxf6 35. Rd4 Ke5 36. Ra4 a6 37. Rb4 Rc7 38. Rb6 Rf7 39. Ke2 Rc7 40. Kd3 Bg8 41. Bf1 Bh7+ 42. Kd2 Kf4 0-1

[Event "Havana Province-ch final 1st Cat"]
[Site "San Nicolas de Bari"]
[Date "2009.10.06"]
[Round "2"]
[White "Hernandez Carmenates, Holman"]
[Black "Garcia Benitez, Omar"]
[Result "1-0"]
[WhiteElo "2169"]
[BlackElo "1877"]
[PlyCount "96"]
[EventDate "2009.10.05"]
[EventType "tourn"]
[EventRounds "11"]
[EventCountry "CUB"]
[SourceTitle "EXT 2019"]
[Source "ChessBase"]
[SourceDate "2018.10.10"]
[SourceVersion "1"]
[SourceVersionDate "2018.10.10"]
[SourceQuality "1"]

1. d4 d5 2. c4 e6 3. Nc3 Nf6 4. Bg5 Nbd7 5. e3 c6 6. Nf3 Be7 7. Qc2 0-0 8. Rc1 Re8 9. Bd3 h6 10. Bh4 Nh5 11. Bxe7 Qxe7 12. 0-0 Nhf6 13. e4 dxe4 14. Nxe4 Nxe4 15. Bxe4 Nf6 16. a3 Qc7 17. Rfe1 b6 18. Ne5 Bb7 19. Bf3 Rad8 20. Rcd1 c5 21. Bxb7 Qxb7 22. dxc5 bxc5 23. Nd3 Qc7 24. b4 cxb4 25. axb4 Rd4 26. Ne5 Red8 27. Rxd4 Rxd4 28. Qc3 Qd6 29. c5 Qd5 30. c6 Ne4 31. c7 Nxc3 32. c8Q+ Kh7 33. Qxc3 f6 34. Nf3 Rc4 35. Qa3 Rc7 36. Qe3 e5 37. h3 g6 38. Ra1 Qb7 39. Nd2 h5 40. Ne4 Kg7 41. h4 a6 42. Nc5 Qd5 43. Rxa6 Re7 44. Qf3 Qf7 45. Ne4 f5 46. Ng5 Qc4 47. Qc6 Qxc6 48. Rxc6 Rb7 1-0

[Event "Havana Province-ch final 1st Cat"]
[Site "San Nicolas de Bari"]
[Date "2009.10.05"]
[Round "1"]
[White "Vargas Rodriguez, Wilver"]
[Black "Hernandez Carmenates, Holman"]
[Result "1-0"]
[WhiteElo "2013"]
[BlackElo "2169"]
[PlyCount "79"]
[EventDate "2009.10.05"]
[EventType "tourn"]
[EventRounds "11"]
[EventCountry "CUB"]
[SourceTitle "EXT 2019"]
[Source "ChessBase"]
[SourceDate "2018.10.10"]
[SourceVersion "1"]
[SourceVersionDate "2018.10.10"]
[SourceQuality "1"]

1. e4 c5 2. Nc3 Nc6 3. g3 g6 4. Bg2 Bg7 5. Nge2 d6 6. d3 e6 7. 0-0 Nge7 8. f4 0-0 9. Be3 f5 10. Qd2 Nd4 11. Rab1 Rb8 12. b4 Bd7 13. Bf2 b5 14. e5 dxe5 15. bxc5 b4 16. Nd1 Nxe2+ 17. Qxe2 exf4 18. gxf4 Qc7 19. Qd2 Nd5 20. Bxd5 exd5 21. d4 Rfe8 22. Bg3 a5 23. Re1 Bb5 24. c3 bxc3 25. Nxc3 Bc6 26. Qd3 Rb4 27. Rxb4 axb4 28. Ne2 Bb5 29. Qxb5 Re3 30. c6 Qd6 31. Rc1 Re8 32. c7 Rc8 33. Rc5 Bf8 34. Rc6 Qd7 35. Qxd5+ Kg7 36. Qe5+ Kf7 37. d5 Bg7 38. Qe6+ Qxe6 39. dxe6+ Ke7 40. Kf2 1-0

[Event "Havana Province-ch sf 1st Cat"]
[Site "San Nicolas de Bari"]
[Date "2009.09.16"]
[Round "4"]
[White "Vitier Vazquez, Cristian"]
[Black "Hernandez Carmenates, Holman"]
[Result "0-1"]
[WhiteElo "2094"]
[BlackElo "2169"]
[PlyCount "89"]
[EventDate "2009.09.14"]
[EventType "swiss"]
[EventRounds "9"]
[EventCountry "CUB"]
[SourceTitle "EXT 2019"]
[Source "ChessBase"]
[SourceDate "2018.10.10"]
[SourceVersion "1"]
[SourceVersionDate "2018.10.10"]
[SourceQuality "1"]

1. d4 Nf6 2. c4 c5 3. d5 b5 4. cxb5 a6 5. bxa6 g6 6. Nc3 Bxa6 7. Nf3 d6 8. g3 Bg7 9. e4 Bxf1 10. Kxf1 Nbd7 11. Kg2 0-0 12. Re1 Qa5 13. Re2 Rfb8 14. h3 Ne8 15. Bg5 Ne5 16. Nxe5 Bxe5 17. Rc1 Rb7 18. Qd3 Rab8 19. Rcc2 Qa7 20. f4 Bd4 21. e5 Ng7 22. exd6 exd6 23. g4 f5 24. b3 Qa5 25. Nd1 fxg4 26. hxg4 Ra8 27. Ne3 Rf7 28. Nc4 Qc7 29. Re4 Qd7 30. Qf3 Raf8 31. Bh6 Qd8 32. Kg3 g5 33. f5 Rxf5 34. gxf5 Nxf5+ 35. Kh2 Nxh6 36. Qh3 Rf6 37. Qh5 Rg6 38. Rce2 Qf6 39. Re8+ Kf7 40. R8e4 g4 41. a4 g3+ 42. Kg2 Nf5 43. Qxh7+ Rg7 44. Qh5+ Rg6 45. Rg4 0-1

[Event "Havana UCI 6th"]
[Site "Havana"]
[Date "2007.11.26"]
[Round "13"]
[White "Soto Hernandez, Henry"]
[Black "Hernandez Carmenates, Holman"]
[Result "1-0"]
[WhiteElo "2267"]
[BlackElo "2135"]
[PlyCount "59"]
[EventDate "2007.11.12"]
[EventType "tourn"]
[EventRounds "13"]
[EventCountry "CUB"]
[SourceTitle "EXT 2019"]
[Source "ChessBase"]
[SourceDate "2018.10.10"]
[SourceVersion "1"]
[SourceVersionDate "2018.10.10"]
[SourceQuality "1"]

1. e4 c5 2. Nf3 d6 3. d4 cxd4 4. Nxd4 Nf6 5. Nc3 Nc6 6. Bg5 e6 7. Qd2 Be7 8. 0-0-0 0-0 9. f3 Nxd4 10. Qxd4 a6 11. h4 Qc7 12. g4 b5 13. Kb1 b4 14. Ne2 a5 15. Qd2 a4 16. Bxf6 Bxf6 17. Qxd6 Qa5 18. Nc1 b3 19. cxb3 Rd8 20. Qc6 Bb7 21. Rxd8+ Rxd8 22. Qxb7 Qd2 23. bxa4 Be5 24. Qb5 Rc8 25. Bc4 Qd4 26. Nd3 Bd6 27. Rc1 h6 28. Bb3 Rb8 29. Qc4 Qe3 30. e5 1-0

[Event "Havana UCI 6th"]
[Site "Havana"]
[Date "2007.11.16"]
[Round "5"]
[White "Hernandez Carmenates, Holman"]
[Black "Hernandez Fernandez, Ramon Alberto"]
[Result "0-1"]
[WhiteElo "2135"]
[BlackElo "2236"]
[PlyCount "67"]
[EventDate "2007.11.12"]
[EventType "tourn"]
[EventRounds "13"]
[EventCountry "CUB"]
[SourceTitle "EXT 2019"]
[Source "ChessBase"]
[SourceDate "2018.10.10"]
[SourceVersion "1"]
[SourceVersionDate "2018.10.10"]
[SourceQuality "1"]

1. d4 Nf6 2. c4 g6 3. Nc3 Bg7 4. e4 d6 5. Nf3 0-0 6. Be2 e5 7. 0-0 Nc6 8. d5 Ne7 9. b4 Nh5 10. Re1 f5 11. Ng5 Nf6 12. f3 Nh5 13. c5 Nf4 14. Bc4 Kh8 15. Ne6 Bxe6 16. dxe6 fxe4 17. fxe4 Nc6 18. cxd6 cxd6 19. Qg4 Nd4 20. Nd5 Nxd5 21. Bxd5 Nc2 22. Be3 Nxe1 23. Rxe1 Qf6 24. b5 Bh6 25. Qe2 Bxe3+ 26. Qxe3 Rac8 27. Bxb7 Rc5 28. Bd5 Rxb5 29. h3 Rc5 30. Rb1 Rc7 31. a4 Kg7 32. a5 Qf4 33. Qe2 Rfc8 34. Rb7 0-1